000 00253nam a2200109Ia 4500
008 220204s9999 xx 000 0 und d
082 _a082.09
_bCHA
100 _aChadwick, Charles
245 0 _aSymbolism
260 _aLondon
_bMethuen
_c1971
942 _cBK
999 _c34149
_d34149